00372nam a2200169Ia 4500003000900000008004100009040001300050040001300063041000800076100001900084245004900103250001000152260001500162260000900177300001000186490000600196IT-RoPAU120407s9999 xx 000 0 und d aIT-RoPAU cIT-RoPAU aita aCharles Poulet aInitiation à l’histoire ecclésiastique aParis aBeauchesne c1946 c19 cm v1